| 000 | 00514nam a2200193Ia 4500 | ||
|---|---|---|---|
| 003 | GCL | ||
| 008 | 140319s9999 xx 000 0 ara d | ||
| 040 |
_aGCL / _cGCL |
||
| 082 | 0 | 4 |
_a709.2 _bج ف |
| 100 | 1 | _aجولد ووتر، روبرت | |
| 245 | 1 | 0 |
_aالفن و الفنانون / _cجولد ووتر، روبرت |
| 700 | 1 | _aتريفيس، ماركو | |
| 700 | 1 | _aمصطفى الصاوى | |
| 300 | _a509 ص | ||
| 490 | _a | ||
| 650 | 0 | 4 | _aالفنانون |
| 650 | 0 | 4 | _aالفن |
| 942 |
_2ddc _cBK |
||
| 999 |
_c44497 _d44497 |
||